[Event "Prague Mencik Memorial 6th"]
[Site "Prague"]
[Date "2023.09.24"]
[Round "8"]
[White "Zemlickova, Olena"]
[Black "Hajiyev, Kanan"]
[Result "1-0"]
[WhiteElo "2008"]
[BlackElo "2122"]
[PlyCount "199"]
[EventDate "2023.09.24"]
[EventType "swiss"]
[EventRounds "9"]
[EventCountry "CZE"]
[SourceTitle "EXT 2024"]
[Source "ChessBase"]
[SourceDate "2023.10.10"]
[SourceVersion "1"]
[SourceVersionDate "2023.10.10"]
[SourceQuality "1"]

1. d4 Nf6 2. Nf3 c5 3. d5 d6 4. Nc3 a6 5. a4 e6 6. e4 g6 7. Bc4 Bg7 8. 0-0 0-0 9. Re1 e5 10. a5 Nbd7 11. Bd2 Qc7 12. Na4 h6 13. Bf1 Kh7 14. b4 Ng8 15. Rb1 f5 16. bxc5 Nxc5 17. Nxc5 Qxc5 18. Rb6 fxe4 19. Bb4 Qc7 20. Bxd6 Qf7 21. Bxf8 Qxf8 22. Rxe4 Bf5 23. Re3 e4 24. Nd4 Qf7 25. Nxf5 gxf5 26. d6 Rd8 27. f3 Nf6 28. fxe4 fxe4 29. Reb3 Rd7 30. R6b4 Bf8 31. Bc4 Qg7 32. Rb6 Ng4 33. Be6 Bxd6 34. Qxg4 Bc5+ 35. Kh1 Bxb6 36. Qxg7+ Rxg7 37. Rxb6 e3 38. Bf5+ Kg8 39. Re6 Rf7 40. Bd3 Rc7 41. Rxe3 Rc5 42. h3 Rxa5 43. Re7 Ra1+ 44. Kh2 Rb1 45. Kg3 a5 46. Re5 a4 47. Ra5 Rb4 48. Bb5 b6 49. Ra8+ Kg7 50. Bxa4 b5 51. Bb3 Re4 52. Ra7+ Kf6 53. Kf3 Rd4 54. Rb7 b4 55. Ke3 Rh4 56. Rb6+ Ke5 57. Rb5+ Kf6 58. Rc5 Kg7 59. Rc4 Rh5 60. Rxb4 Re5+ 61. Kf4 Re2 62. g4 Rh2 63. Kg3 Rd2 64. Rb6 Rd4 65. Re6 Rb4 66. Re7+ Kf6 67. Rf7+ Kg6 68. Rf5 Re4 69. Kf3 Rb4 70. Rf8 Kg7 71. Rf7+ Kg6 72. Rc7 Rd4 73. Ke3 Rd1 74. h4 Rh1 75. h5+ Kf6 76. Rc6+ Kg7 77. Rg6+ Kh7 78. Bg8+ Kh8 79. Bd5 Rh3+ 80. Kf4 Rc3 81. Rxh6+ Kg7 82. Rg6+ Kh7 83. Be4 Kh8 84. Kg5 Rc5+ 85. Bf5 Ra5 86. Rd6 Ra8 87. Kg6 Rg8+ 88. Kf6 Rf8+ 89. Ke5 Re8+ 90. Re6 Rb8 91. g5 Rb5+ 92. Kf6 Rb8 93. Ke5 Rb5+ 94. Kf4 Rb4+ 95. Be4 Rb8 96. g6 Kg7 97. Re7+ Kf8 98. Rf7+ Kg8 99. Bd5 Kh8 100. Rh7# 1-0

[Event "Tatry op"]
[Site "Tatranske Zruby"]
[Date "2019.10.03"]
[Round "7"]
[White "Valenta, Vit"]
[Black "Zemlickova, Olena"]
[Result "1-0"]
[WhiteElo "2169"]
[BlackElo "2010"]
[PlyCount "73"]
[EventDate "2019.09.28"]
[EventType "swiss"]
[EventRounds "9"]
[EventCountry "SVK"]
[SourceTitle "EXT 2020"]
[Source "ChessBase"]
[SourceDate "2019.10.17"]
[SourceVersion "1"]
[SourceVersionDate "2019.10.17"]
[SourceQuality "1"]

1. b4 d5 2. Bb2 c6 3. e3 Nf6 4. Nf3 Bf5 5. Be2 e6 6. a3 h6 7. 0-0 Be7 8. d3 0-0 9. Nbd2 Nbd7 10. c4 Bh7 11. Qb3 Bd6 12. Rfd1 Qe7 13. Nf1 Ng4 14. Ng3 Nde5 15. Nxe5 Nxe5 16. f4 Nd7 17. Rf1 Nf6 18. Qc3 a5 19. c5 Bc7 20. e4 Rfb8 21. e5 Nd7 22. d4 Qe8 23. b5 cxb5 24. Bxb5 Qe7 25. f5 Bxf5 26. Nxf5 exf5 27. Rxf5 Nf8 28. Raf1 Ng6 29. Rxf7 Qxf7 30. Rxf7 Kxf7 31. Qf3+ Ke7 32. Qg3 Kf7 33. e6+ Kxe6 34. Qxc7 Rf8 35. Qd6+ Kf7 36. Qxd5+ Kf6 37. Qd6+ 1-0

[Event "Tatry op"]
[Site "Tatranske Zruby"]
[Date "2019.09.30"]
[Round "4"]
[White "Zemlickova, Olena"]
[Black "Skreno, Vladimir"]
[Result "1/2-1/2"]
[WhiteElo "2010"]
[BlackElo "2153"]
[PlyCount "46"]
[EventDate "2019.09.28"]
[EventType "swiss"]
[EventRounds "9"]
[EventCountry "SVK"]
[SourceTitle "EXT 2020"]
[Source "ChessBase"]
[SourceDate "2019.10.17"]
[SourceVersion "1"]
[SourceVersionDate "2019.10.17"]
[SourceQuality "1"]

1. d4 Nf6 2. Nf3 d5 3. e3 Bg4 4. c4 e6 5. Nbd2 c6 6. Qb3 Qb6 7. Ne5 Bf5 8. Be2 Nbd7 9. Nxd7 Nxd7 10. 0-0 Rc8 11. c5 Qc7 12. f4 Nf6 13. Qc3 Be7 14. h3 h5 15. Bd3 h4 16. Qc2 g6 17. b4 Nh5 18. Rf3 Bf6 19. Bb2 Ng3 20. Nf1 Ne4 21. Nd2 Ng3 22. Nf1 Ne4 23. Nd2 Ng3 1/2-1/2

[Event "Tatry op"]
[Site "Tatranske Zruby"]
[Date "2019.09.28"]
[Round "1"]
[White "Chlpik, Martin"]
[Black "Zemlickova, Olena"]
[Result "0-1"]
[WhiteElo "2256"]
[BlackElo "2010"]
[PlyCount "62"]
[EventDate "2019.09.28"]
[EventType "swiss"]
[EventRounds "9"]
[EventCountry "SVK"]
[SourceTitle "EXT 2020"]
[Source "ChessBase"]
[SourceDate "2019.10.17"]
[SourceVersion "1"]
[SourceVersionDate "2019.10.17"]
[SourceQuality "1"]

1. d4 d5 2. Nf3 Nf6 3. Bf4 e6 4. e3 Be7 5. Nbd2 Nbd7 6. Bd3 Nh5 7. Be5 Nxe5 8. dxe5 g6 9. Qe2 c5 10. c3 Bd7 11. h4 Ng7 12. e4 Qb6 13. 0-0-0 0-0-0 14. Qe3 h6 15. h5 g5 16. Nh2 Nxh5 17. g3 f5 18. exd5 exd5 19. Qf3 g4 20. Nxg4 Nxg3 21. fxg3 fxg4 22. Qxd5 Ba4 23. Bf5+ Kb8 24. Qf7 Bxd1 25. Qxe7 Bf3 26. Rf1 Rhe8 27. Qg7 Rxd2 28. Kxd2 Qxb2+ 29. Bc2 Rd8+ 30. Ke3 Qxc2 31. Rxf3 Qd3+ 0-1

[Event "Helsingor Xtracon op"]
[Site "Helsingor"]
[Date "2019.07.23"]
[Round "5"]
[White "Zemlickova, Olena"]
[Black "Hilbenz, Guntram"]
[Result "1-0"]
[WhiteElo "2043"]
[BlackElo "1845"]
[PlyCount "97"]
[EventDate "2019.07.20"]
[EventType "swiss"]
[EventRounds "10"]
[EventCountry "DEN"]
[SourceTitle "CBM 191 Extra"]
[Source "ChessBase"]
[SourceDate "2019.09.30"]
[SourceVersion "1"]
[SourceVersionDate "2019.09.30"]
[SourceQuality "1"]

1. d4 d5 2. Nf3 Nf6 3. e3 c5 4. b3 cxd4 5. exd4 Nc6 6. Bb2 Bg4 7. Be2 e6 8. 0-0 Bd6 9. h3 Bf5 10. c4 0-0 11. Nc3 Ne4 12. a3 Rc8 13. Nxe4 Bxe4 14. c5 Bb8 15. b4 Qc7 16. g3 f6 17. Re1 h5 18. Bd3 Bxd3 19. Qxd3 Qf7 20. b5 Na5 21. Nd2 h4 22. Bc3 Nc4 23. Nxc4 dxc4 24. Qxc4 Rce8 25. Qd3 hxg3 26. fxg3 Qh5 27. Kg2 Kf7 28. Qf3 Qd5 29. Qxd5 exd5 30. Kf3 f5 31. Rxe8 Rxe8 32. Rc1 Re6 33. Bd2 Ke8 34. Bf4 Bxf4 35. Kxf4 Re4+ 36. Kxf5 Rxd4 37. Rc3 Kd7 38. h4 Rd1 39. h5 d4 40. Rc4 d3 41. Rd4+ Kc7 42. Kg6 d2 43. Kxg7 Rg1 44. Rxd2 Rxg3+ 45. Kf6 Rxa3 46. h6 Rf3+ 47. Ke7 a5 48. bxa6 bxa6 49. Rd6 1-0

[Event "Helsingor Xtracon op"]
[Site "Helsingor"]
[Date "2019.07.22"]
[Round "4"]
[White "Buchenau, Frank"]
[Black "Zemlickova, Olena"]
[Result "1-0"]
[WhiteElo "2294"]
[BlackElo "2043"]
[PlyCount "113"]
[EventDate "2019.07.20"]
[EventType "swiss"]
[EventRounds "10"]
[EventCountry "DEN"]
[SourceTitle "CBM 191 Extra"]
[Source "ChessBase"]
[SourceDate "2019.09.30"]
[SourceVersion "1"]
[SourceVersionDate "2019.09.30"]
[SourceQuality "1"]

1. e4 e5 2. Bc4 Nf6 3. d3 c6 4. Nf3 Be7 5. 0-0 d6 6. c3 0-0 7. Bb3 Bg4 8. h3 Bh5 9. Re1 Nbd7 10. Nbd2 Nc5 11. Bc2 Ne6 12. Nf1 Bxf3 13. Qxf3 Nd7 14. Ng3 g6 15. Bh6 Re8 16. Rad1 Bg5 17. Bxg5 Qxg5 18. d4 Qe7 19. Ne2 Ng7 20. Qe3 Nb6 21. f4 Rad8 22. Rf1 exf4 23. Qxf4 f5 24. Ng3 fxe4 25. Nxe4 Nh5 26. Qh6 d5 27. Ng5 Qg7 28. Qxg7+ Nxg7 29. Nf7 Rd7 30. Nh6+ Kh8 31. Rde1 Rxe1 32. Rxe1 Nh5 33. g4 Nf4 34. h4 g5 35. hxg5 Nh3+ 36. Kg2 Nxg5 37. Kg3 Kg7 38. Nf5+ Kf6 39. Rh1 Nc4 40. Rh6+ Kf7 41. Kh4 Nf3+ 42. Kh5 Kg8 43. Rf6 Ne1 44. Bb3 Nd2 45. g5 Nd3 46. Nh6+ Kg7 47. Bc2 Ne4 48. Nf5+ Kg8 49. Bxd3 Nxf6+ 50. gxf6 Rd8 51. Nh6+ Kf8 52. Bxh7 Re8 53. Ng4 Re2 54. Ne5 Rxb2 55. Bg6 Rf2 56. Kg5 a5 57. Nd7+ 1-0

[Event "Helsingor Xtracon op"]
[Site "Helsingor"]
[Date "2019.07.21"]
[Round "3"]
[White "Zemlickova, Olena"]
[Black "Overmark, Ole"]
[Result "1-0"]
[WhiteElo "2043"]
[BlackElo "1765"]
[PlyCount "37"]
[EventDate "2019.07.20"]
[EventType "swiss"]
[EventRounds "10"]
[EventCountry "DEN"]
[SourceTitle "CBM 191 Extra"]
[Source "ChessBase"]
[SourceDate "2019.09.30"]
[SourceVersion "1"]
[SourceVersionDate "2019.09.30"]
[SourceQuality "1"]

1. d4 Nf6 2. Nf3 d5 3. e3 e6 4. Bd3 c5 5. b3 Nc6 6. Bb2 Be7 7. Nbd2 cxd4 8. exd4 0-0 9. 0-0 Bd7 10. a3 Rc8 11. Re1 a6 12. Ne5 b5 13. Re3 Qb6 14. Rh3 g6 15. Ndf3 Be8 16. Qd2 h5 17. Qh6 Nxe5 18. Nxe5 Nh7 19. Rxh5 1-0

[Event "Tatry op"]
[Site "Tatranske Zruby"]
[Date "2018.10.06"]
[Round "8"]
[White "Skapikova, Lubica"]
[Black "Zemlickova, Olena"]
[Result "1/2-1/2"]
[WhiteElo "1899"]
[BlackElo "2096"]
[PlyCount "54"]
[EventDate "2018.09.30"]
[EventType "swiss"]
[EventRounds "9"]
[EventCountry "SVK"]
[SourceTitle "CBM 186 Extra"]
[Source "ChessBase"]
[SourceDate "2018.08.24"]
[SourceVersion "1"]
[SourceVersionDate "2018.08.24"]
[SourceQuality "1"]

1. e4 e5 2. Nf3 Nc6 3. Bb5 a6 4. Ba4 Nf6 5. d3 b5 6. Bb3 Be7 7. 0-0 d6 8. c3 0-0 9. a4 Rb8 10. axb5 axb5 11. h3 h6 12. Re1 Re8 13. Nbd2 Bf8 14. Nf1 Be6 15. Ne3 d5 16. exd5 Nxd5 17. Ra6 Nxe3 18. Bxe3 Bxb3 19. Qxb3 Qd7 20. Rd1 Nd8 21. d4 exd4 22. Rxd4 Qc8 23. Ra1 Ne6 24. Rd2 Bc5 25. Bxc5 Nxc5 26. Qd5 Ne4 27. Re2 Nf6 1/2-1/2

[Event "Tatry op"]
[Site "Tatranske Zruby"]
[Date "2018.10.03"]
[Round "4"]
[White "Kucera, Michal"]
[Black "Zemlickova, Olena"]
[Result "1/2-1/2"]
[WhiteElo "1928"]
[BlackElo "2096"]
[PlyCount "34"]
[EventDate "2018.09.30"]
[EventType "swiss"]
[EventRounds "9"]
[EventCountry "SVK"]
[SourceTitle "CBM 186 Extra"]
[Source "ChessBase"]
[SourceDate "2018.08.24"]
[SourceVersion "1"]
[SourceVersionDate "2018.08.24"]
[SourceQuality "1"]

1. e4 d6 2. d4 Nf6 3. Nc3 e5 4. Nf3 Nbd7 5. Bc4 Be7 6. 0-0 0-0 7. dxe5 dxe5 8. Qe2 c6 9. a4 a5 10. h3 Qc7 11. Rd1 Nc5 12. Nh4 Ne6 13. Nf5 Bc5 14. Be3 Bxe3 15. fxe3 g6 16. Nd6 Nd4 17. exd4 Qxd6 1/2-1/2

[Event "Tatry op"]
[Site "Tatranske Zruby"]
[Date "2018.10.01"]
[Round "3"]
[White "Zemlickova, Olena"]
[Black "Ocko, Dominik"]
[Result "1/2-1/2"]
[WhiteElo "2096"]
[BlackElo "1916"]
[PlyCount "44"]
[EventDate "2018.09.30"]
[EventType "swiss"]
[EventRounds "9"]
[EventCountry "SVK"]
[SourceTitle "CBM 186 Extra"]
[Source "ChessBase"]
[SourceDate "2018.08.24"]
[SourceVersion "1"]
[SourceVersionDate "2018.08.24"]
[SourceQuality "1"]

1. d4 d5 2. Nf3 Nf6 3. e3 e6 4. Bd3 c5 5. b3 Be7 6. 0-0 0-0 7. Bb2 b6 8. Ne5 Nfd7 9. f4 Nxe5 10. fxe5 Ba6 11. c4 Nc6 12. Kh1 Nb4 13. Be2 Qc7 14. a3 Nc6 15. cxd5 Bxe2 16. Qxe2 exd5 17. Nd2 cxd4 18. exd4 Qd7 19. Nf3 Na5 20. Qd3 Rac8 21. Rac1 h6 22. h3 Rxc1 1/2-1/2

[Event "POL-chT 1st League"]
[Site "Pokrzywna"]
[Date "2018.09.08"]
[Round "8.4"]
[White "Worek, Joanna"]
[Black "Zemlickova, Olena"]
[Result "1-0"]
[WhiteElo "2295"]
[BlackElo "2099"]
[PlyCount "62"]
[EventDate "2018.09.01"]
[EventType "team-tourn"]
[EventRounds "9"]
[EventCountry "POL"]
[SourceTitle "CBM 186 Extra"]
[Source "ChessBase"]
[SourceDate "2018.08.24"]
[SourceVersion "1"]
[SourceVersionDate "2018.08.24"]
[SourceQuality "1"]
[WhiteTeam "Pawlowice Gminy"]
[BlackTeam "Raciborz Silesia"]
[WhiteTeamCountry "POL"]
[BlackTeamCountry "POL"]

1. e4 d6 2. d4 Nf6 3. Nc3 e5 4. Nf3 Nbd7 5. Bc4 Be7 6. 0-0 0-0 7. a4 c6 8. h3 b6 9. Re1 a6 10. Bg5 Rb8 11. b4 b5 12. axb5 axb5 13. Bb3 Re8 14. Qd3 h6 15. Be3 exd4 16. Nxd4 Ne5 17. Qf1 Qc7 18. f4 Ng6 19. Qd3 Kf8 20. Nf5 Be6 21. Ra7 Qd8 22. Bxe6 fxe6 23. Nd4 Qc8 24. Rc7 Qa6 25. Nxe6+ Kg8 26. e5 Nxf4 27. Bxf4 Nh5 28. Qg6 dxe5 29. Bxe5 Bf6 30. Qf7+ Kh8 31. Bxf6 Rf8 1-0

[Event "POL-chT 1st League"]
[Site "Pokrzywna"]
[Date "2018.09.05"]
[Round "5.1"]
[White "Jakubiec, Edyta"]
[Black "Zemlickova, Olena"]
[Result "1-0"]
[WhiteElo "2153"]
[BlackElo "2099"]
[PlyCount "121"]
[EventDate "2018.09.01"]
[EventType "team-tourn"]
[EventRounds "9"]
[EventCountry "POL"]
[SourceTitle "CBM 186 Extra"]
[Source "ChessBase"]
[SourceDate "2018.08.24"]
[SourceVersion "1"]
[SourceVersionDate "2018.08.24"]
[SourceQuality "1"]
[WhiteTeam "Krakow KKSz"]
[BlackTeam "Raciborz Silesia"]
[WhiteTeamCountry "POL"]
[BlackTeamCountry "POL"]

1. Nf3 d5 2. g3 Nf6 3. Bg2 c6 4. 0-0 Bf5 5. d3 h6 6. c4 dxc4 7. dxc4 Qxd1 8. Rxd1 e6 9. Nc3 Nbd7 10. Bf4 Be7 11. h3 Nb6 12. Nd2 0-0 13. b3 Bc2 14. Rdc1 Bh7 15. a3 a5 16. Nce4 Nfd7 17. c5 Nd5 18. Bd6 Bxe4 19. Nxe4 Bxd6 20. Nxd6 Rab8 21. e4 Ne7 22. b4 a4 23. Nc4 b5 24. cxb6 Nxb6 25. Na5 Rfc8 26. Ra2 Nd7 27. Rd2 Nf6 28. Rdc2 Rb6 29. f3 Nd7 30. Bf1 Ne5 31. Kg2 Rd8 32. f4 N5g6 33. Nxc6 Nxc6 34. Rxc6 Rd2+ 35. Kf3 Rb7 36. R6c2 Rd4 37. Ke3 Rbd7 38. Bb5 R7d6 39. Rc8+ Kh7 40. R8c6 Rd8 41. Rc8 R8d6 42. R1c6 Rxc6 43. Rxc6 Rd1 44. Bxa4 Ra1 45. Rc3 f5 46. e5 Ne7 47. Kd4 Nd5 48. Rd3 g5 49. Bc6 Ne7 50. b5 gxf4 51. gxf4 Kg7 52. Kc5 Rc1+ 53. Kd6 Kf7 54. Bd7 Ng6 55. Bxe6+ Ke8 56. Bd7+ Kf7 57. e6+ Kf6 58. Rd4 Rc3 59. a4 Rxh3 60. b6 Rb3 61. Kc7 1-0

[Event "Prague Summer op-A 5th"]
[Site "Prague"]
[Date "2018.08.04"]
[Round "2"]
[White "Marczuk, Dominik"]
[Black "Zemlickova, Olena"]
[Result "1/2-1/2"]
[WhiteElo "2290"]
[BlackElo "2099"]
[PlyCount "111"]
[EventDate "2018.08.03"]
[EventType "swiss"]
[EventRounds "9"]
[EventCountry "CZE"]
[SourceTitle "CBM 185 Extra"]
[Source "ChessBase"]
[SourceDate "2018.07.29"]
[SourceVersion "1"]
[SourceVersionDate "2018.07.29"]
[SourceQuality "1"]

1. Nf3 d5 2. g3 Nf6 3. Bg2 c6 4. 0-0 Bf5 5. d3 h6 6. Nbd2 e6 7. c4 Be7 8. cxd5 exd5 9. Nd4 Bd7 10. e4 dxe4 11. dxe4 Bg4 12. Ne2 Qd3 13. f3 Bc8 14. Nf4 Qd4+ 15. Kh1 0-0 16. Qc2 Nbd7 17. Rd1 Qc5 18. Qxc5 Nxc5 19. Nc4 g5 20. Ne2 Be6 21. Ne3 Rfd8 22. Nd4 Bc8 23. b3 Ne6 24. Ndf5 Rxd1+ 25. Nxd1 Bf8 26. Bb2 Ne8 27. Nde3 N6c7 28. Rd1 Bxf5 29. Nxf5 Ne6 30. Bf1 Rd8 31. Rxd8 Nxd8 32. Be5 b5 33. Kg2 a6 34. f4 Nb7 35. Kf3 Ned6 36. Nxd6 Nxd6 37. Bc3 gxf4 38. gxf4 f5 39. e5 Ne8 40. Bh3 Ng7 41. e6 Nxe6 42. Bxf5 Kf7 43. Be4 Bd6 44. Bd2 Kf6 45. Be3 c5 46. Bb7 a5 47. Bd5 Nd4+ 48. Ke4 Ne2 49. Bd2 b4 50. Bc4 Nc3+ 51. Bxc3+ bxc3 52. Bd3 Ke6 53. h3 Be7 54. Bc2 Bf6 55. Bd3 Bg7 56. Bc2 1/2-1/2

[Event "Tatry op"]
[Site "Tatranska Lomnica"]
[Date "2017.10.14"]
[Round "8"]
[White "Zemlickova, Olena"]
[Black "Gyerpal, Adrian"]
[Result "1/2-1/2"]
[WhiteElo "2096"]
[BlackElo "1953"]
[PlyCount "25"]
[EventDate "2017.10.08"]
[EventType "swiss"]
[EventRounds "9"]
[EventCountry "SVK"]
[SourceTitle "CBM 181 Extra"]
[Source "ChessBase"]
[SourceDate "2017.12.12"]
[SourceVersion "1"]
[SourceVersionDate "2017.12.12"]
[SourceQuality "1"]

1. d4 Nf6 2. Nf3 g6 3. Nc3 d5 4. Bf4 Bg7 5. e3 0-0 6. Be2 c5 7. Ne5 Nc6 8. h4 cxd4 9. exd4 Qb6 10. Nxc6 bxc6 11. Na4 Qa5+ 12. c3 Nd7 13. b4 1/2-1/2

[Event "Tatry op"]
[Site "Tatranska Lomnica"]
[Date "2017.10.11"]
[Round "5"]
[White "Franzen, Jozef"]
[Black "Zemlickova, Olena"]
[Result "1/2-1/2"]
[WhiteElo "2265"]
[BlackElo "2096"]
[PlyCount "165"]
[EventDate "2017.10.08"]
[EventType "swiss"]
[EventRounds "9"]
[EventCountry "SVK"]
[SourceTitle "CBM 181 Extra"]
[Source "ChessBase"]
[SourceDate "2017.12.12"]
[SourceVersion "1"]
[SourceVersionDate "2017.12.12"]
[SourceQuality "1"]

1. e4 e5 2. Nf3 Nc6 3. Bb5 a6 4. Ba4 d6 5. Bxc6+ bxc6 6. d4 f6 7. Nc3 g6 8. dxe5 fxe5 9. Bg5 Be7 10. Be3 Bg4 11. h3 Bxf3 12. Qxf3 Bg5 13. 0-0-0 Nh6 14. h4 Bxe3+ 15. Qxe3 Ng4 16. Qe2 Nf6 17. g3 Nh5 18. Qe3 Rf8 19. Rhf1 Qf6 20. Rd3 Rf7 21. Ne2 Qe6 22. Kb1 Nf6 23. f4 exf4 24. Rxf4 Ng4 25. Qc1 Ne5 26. Rd1 Qc4 27. Nd4 c5 28. Rxf7 Qxf7 29. Rf1 Qc4 30. Nf3 Nxf3 31. Rxf3 0-0-0 32. Rf4 Qe6 33. Qf1 Kb7 34. a3 Rd7 35. Qf3 Ka7 36. Rf8 Re7 37. e5 Re8 38. Qf7 Qxf7 39. Rxf7 Rxe5 40. Rxc7+ Kb6 41. Rxh7 Re1+ 42. Ka2 Rg1 43. Rh6 Rxg3 44. h5 gxh5 45. Rxd6+ Kb5 46. Rh6 Rg5 47. b3 c4 48. bxc4+ Kxc4 49. Rxa6 Rb5 50. Rc6+ Rc5 51. Rh6 Kc3 52. Kb1 Rb5+ 53. Kc1 Ra5 54. Rc6+ Kd4 55. Rd6+ Kc4 56. Rd3 Rb5 57. Kd2 Rg5 58. Re3 Rg2+ 59. Re2 Rg3 60. Re4+ Kd5 61. Rh4 Rxa3 62. Rxh5+ Kd4 63. Rh4+ Kd5 64. c3 Ra2+ 65. Kd3 Rg2 66. Rh5+ Kc6 67. Kc4 Rg4+ 68. Kb3 Rf4 69. c4 Rg4 70. Kb4 Rg6 71. Ra5 Rg4 72. Ra6+ Kc7 73. Kb5 Rg5+ 74. c5 Kb7 75. Ra1 Rg2 76. c6+ Kb8 77. Rd1 Rb2+ 78. Kc5 Rc2+ 79. Kd6 Kc8 80. Rd5 Rc1 81. Rh5 Rd1+ 82. Rd5 Rc1 83. Rh5 1/2-1/2

[Event "Tatry op"]
[Site "Tatranska Lomnica"]
[Date "2017.10.09"]
[Round "2"]
[White "Zemlickova, Olena"]
[Black "Berezjuk, Sergej"]
[Result "1-0"]
[WhiteElo "2096"]
[BlackElo "2423"]
[PlyCount "109"]
[EventDate "2017.10.08"]
[EventType "swiss"]
[EventRounds "9"]
[EventCountry "SVK"]
[SourceTitle "CBM 181 Extra"]
[Source "ChessBase"]
[SourceDate "2017.12.12"]
[SourceVersion "1"]
[SourceVersionDate "2017.12.12"]
[SourceQuality "1"]

1. d4 e6 2. Nf3 c5 3. e3 Nc6 4. Bd3 b6 5. 0-0 g6 6. b3 Bg7 7. Bb2 Nge7 8. a3 0-0 9. Ra2 cxd4 10. exd4 d6 11. Re1 Qc7 12. Bf1 Bb7 13. Qd2 Rad8 14. Qd1 Nf5 15. c3 e5 16. d5 Nb8 17. c4 h6 18. Nc3 Nd7 19. a4 a5 20. Nb5 Qb8 21. Nd2 Ba6 22. Ba3 Bxb5 23. axb5 Nc5 24. g4 Nd4 25. Bb2 Qc8 26. h3 f5 27. Bxd4 exd4 28. Nf3 Ne4 29. Rc2 Qc5 30. gxf5 Nc3 31. Qd3 Rxf5 32. Re6 Rdf8 33. Nh4 Rg5+ 34. Kh1 Nxd5 35. cxd5 Qxd5+ 36. Qe4 Qxb3 37. Nxg6 Qb1 38. Qe2 d3 39. Qxd3 Rd8 40. Rc7 Qxd3 41. Bxd3 Rc5 42. Ne7+ Kh8 43. Nc6 Rf8 44. Rxh6+ Kg8 45. Rg6 Rf7 46. Rxf7 Kxf7 47. Rxd6 a4 48. Nb4 Bf8 49. Rc6 Rg5 50. Nd5 a3 51. Nxb6 Kg7 52. Bc4 Rf5 53. Nd7 Be7 54. b6 Bg5 55. Rc5 1-0

[Event "Tatry op"]
[Site "Tatranska Lomnica"]
[Date "2017.10.08"]
[Round "1"]
[White "Vojta, Tomas"]
[Black "Zemlickova, Olena"]
[Result "1/2-1/2"]
[WhiteElo "2364"]
[BlackElo "2096"]
[PlyCount "172"]
[EventDate "2017.10.08"]
[EventType "swiss"]
[EventRounds "9"]
[EventCountry "SVK"]
[SourceTitle "CBM 181 Extra"]
[Source "ChessBase"]
[SourceDate "2017.12.12"]
[SourceVersion "1"]
[SourceVersionDate "2017.12.12"]
[SourceQuality "1"]

1. e4 e5 2. Nc3 Nc6 3. f4 d6 4. Nf3 g6 5. Bc4 Bg7 6. 0-0 Nh6 7. fxe5 Nxe5 8. Be2 Nxf3+ 9. Bxf3 0-0 10. d4 c6 11. Kh1 f5 12. Be3 fxe4 13. Nxe4 d5 14. Ng3 Qh4 15. c3 Bg4 16. Qd2 Nf7 17. Rf2 Bxf3 18. Rxf3 Qe7 19. Bf4 Rae8 20. Raf1 Qd7 21. h3 Nd6 22. Bxd6 Rxf3 23. Rxf3 Qxd6 24. Re3 Rf8 25. Qe1 Bh6 26. Re6 Bd2 27. Rxd6 Bxe1 28. Kh2 Bxg3+ 29. Kxg3 Rf7 30. Rd8+ Kg7 31. Ra8 a6 32. Rb8 Re7 33. a4 Kf7 34. Kf4 Kg7 35. b4 Re4+ 36. Kf3 Re7 37. Rd8 Rc7 38. h4 Kf6 39. g4 Ke7 40. Rh8 Kf6 41. Kf4 Rf7 42. Rb8 Re7 43. Rf8+ Kg7 44. Rd8 Re4+ 45. Kf3 Re7 46. b5 axb5 47. axb5 Rf7+ 48. Ke3 Re7+ 49. Kd3 Rf7 50. b6 Rf3+ 51. Kc2 Rf8 52. Rd7+ Rf7 53. Rc7 Kf6 54. Rc8 Ke6 55. Kb3 Kd6 56. Rd8+ Ke6 57. Rb8 Kd6 58. Kb4 Re7 59. g5 Rf7 60. Rd8+ Ke7 61. Rb8 Kd6 62. c4 Rd7 63. Rf8 Ke7 64. Rh8 Ke6 65. Kc5 Kf5 66. Rc8 dxc4 67. Kxc4 Ke6 68. Rf8 Ke7 69. Rh8 Ke6 70. Re8+ Kd6 71. Rf8 Ke7 72. Rb8 Ke6 73. Rc8 Ke7 74. Kd3 Kd6 75. Rf8 Ke7 76. Rh8 Kd6 77. Re8 Kd5 78. Re5+ Kd6 79. Kc4 Rf7 80. Re8 Kd7 81. Rb8 Kd6 82. Rd8+ Ke7 83. Rc8 Kd6 84. Kd3 Rf3+ 85. Ke4 Rf7 86. Ke3 Ke6 1/2-1/2

[Event "POL-chT"]
[Site "Poland"]
[Date "2017.05.07"]
[Round "3.6"]
[White "Warakomska, Anna"]
[Black "Zemlickova, Olena"]
[Result "1-0"]
[WhiteElo "2273"]
[BlackElo "2066"]
[PlyCount "45"]
[EventDate "2017.05.05"]
[EventType "team-tourn"]
[EventRounds "9"]
[EventCountry "POL"]
[SourceTitle "CBM 178 Extra"]
[Source "ChessBase"]
[SourceDate "2017.06.22"]
[SourceVersion "1"]
[SourceVersionDate "2017.06.22"]
[SourceQuality "1"]
[WhiteTeam "Gliwice Akademia Szachowa"]
[BlackTeam "Raciborz Silesia"]
[WhiteTeamCountry "POL"]
[BlackTeamCountry "POL"]

1. e4 d6 2. d4 e5 3. Nf3 Nd7 4. Nc3 Ngf6 5. Bc4 Be7 6. 0-0 0-0 7. Re1 c6 8. a4 b6 9. Ba2 a6 10. h3 h6 11. Be3 Re8 12. Qe2 Bb7 13. dxe5 dxe5 14. Nh4 b5 15. Nf5 Bf8 16. Qf3 b4 17. Nb1 c5 18. Nd2 Qb6 19. Qg3 g5 20. Bxg5 hxg5 21. Qxg5+ Kh8 22. Bxf7 Nh7 23. Qg8# 1-0

[Event "Reykjavik op"]
[Site "Reykjavik"]
[Date "2017.04.26"]
[Round "9"]
[White "Zemlickova, Olena"]
[Black "Laustsen, Lars"]
[Result "1/2-1/2"]
[WhiteElo "2053"]
[BlackElo "2169"]
[PlyCount "65"]
[EventDate "2017.04.19"]
[EventType "swiss"]
[EventRounds "10"]
[EventCountry "ISL"]
[SourceTitle "CBM 178 Extra"]
[Source "ChessBase"]
[SourceDate "2017.06.22"]
[SourceVersion "1"]
[SourceVersionDate "2017.06.22"]
[SourceQuality "1"]

1. d4 d5 2. Nf3 Nf6 3. e3 Bf5 4. c4 c6 5. Nc3 e6 6. Nh4 Be4 7. f3 Bg6 8. Nxg6 hxg6 9. Bd3 Bd6 10. f4 Nbd7 11. Bd2 c5 12. cxd5 exd5 13. dxc5 Bxc5 14. Qf3 0-0 15. Nxd5 Nxd5 16. Qxd5 Qe7 17. 0-0-0 Bxe3 18. Bxe3 Qxe3+ 19. Kb1 Nf6 20. Qg5 Rad8 21. Rhe1 Qb6 22. Qg3 Rd4 23. f5 gxf5 24. Bxf5 Rfd8 25. Rxd4 Qxd4 26. Qc7 g6 27. Bc2 Re8 28. Rd1 Qb4 29. a3 Qb5 30. Ka2 Nd5 31. Qd6 Nb6 32. Bb3 Qf5 33. Qd2 1/2-1/2

[Event "Reykjavik op"]
[Site "Reykjavik"]
[Date "2017.04.19"]
[Round "1"]
[White "Zemlickova, Olena"]
[Black "L'Ami, Erwin"]
[Result "0-1"]
[WhiteElo "2053"]
[BlackElo "2614"]
[PlyCount "70"]
[EventDate "2017.04.19"]
[EventType "swiss"]
[EventRounds "10"]
[EventCountry "ISL"]
[SourceTitle "CBM 178 Extra"]
[Source "ChessBase"]
[SourceDate "2017.06.22"]
[SourceVersion "1"]
[SourceVersionDate "2017.06.22"]
[SourceQuality "1"]

1. d4 f5 2. g3 Nf6 3. Bg2 e6 4. c4 d5 5. Nf3 Bd6 6. 0-0 0-0 7. b3 b6 8. Bb2 Bb7 9. Nc3 Ne4 10. Qc2 a6 11. Ne5 Bxe5 12. dxe5 Nc6 13. Rad1 Nxc3 14. Bxc3 Ne7 15. e4 fxe4 16. Bxe4 h6 17. Bg2 c5 18. Qe2 Qd7 19. Qg4 Kh8 20. cxd5 Bxd5 21. Bxd5 Nxd5 22. Bb2 Rf5 23. f4 Raf8 24. Qe2 Qf7 25. a4 Kg8 26. Rc1 a5 27. Rce1 Qg6 28. Qg2 h5 29. h4 R5f7 30. Kh2 Rd7 31. Qe2 Qf5 32. Rd1 Rfd8 33. Rfe1 Nxf4 34. gxf4 Qxf4+ 35. Kg1 Rd2 0-1